Logo Biblioteca

Manual de primeros auxilios legales : (Registro nro. 1048)

Detalles MARC
000 -LEADER
fixed length control field 02495aam a2200433 a 4500
003 - CONTROL NUMBER IDENTIFIER
control field AR-RoUNCS
005 - DATE AND TIME OF LATEST TRANSACTION
control field 20260611145137.0
007 - PHYSICAL DESCRIPTION FIXED FIELD--GENERAL INFORMATION
fixed length control field ta
008 - FIXED-LENGTH DATA ELEMENTS--GENERAL INFORMATION
fixed length control field 080514s2007 ag |r f00| 0 spa d
020 ## - INTERNATIONAL STANDARD BOOK NUMBER
International Standard Book Number 9789879161418
040 ## - CATALOGING SOURCE
Original cataloging agency AR-BaBN
Language of cataloging spa
Transcribing agency AR-RoUNCS
041 ## - LANGUAGE CODE
Language code of text/sound track or separate title spa
245 00 - TITLE STATEMENT
Title Manual de primeros auxilios legales :
Remainder of title una guía para conocer sus derechos y ejercerlos en la vida cotidiana.
260 ## - PUBLICATION, DISTRIBUTION, ETC.
Place of publication, distribution, etc. [Buenos Aires] :
Name of publisher, distributor, etc. Secretaría de Cultura de la Presidencia de la Nación,
Date of publication, distribution, etc. [2007].
300 ## - PHYSICAL DESCRIPTION
Extent 265 p. ;
Dimensions 23 cm.
490 0# - SERIES STATEMENT
Series statement Programa Libros y Casas
505 0# - FORMATTED CONTENTS NOTE
Formatted contents note Programa Libros y Casas / José Nun -- Prólogo -- 1. ¿Qué hacer si usted es víctima de discriminación? / Luciana Sánchez -- 2. ¿Qué derechos tienen las personas migrantes? / Georgina Talpone y Pablo Asa -- 3. Orientaciones para tener en cuenta ante ciertos problemas familiares / Sofía Harari -- 4. ¿Cómo identificar la violencia familiar y pedir ayuda? / Soledad Pujó y Malena Derdoy -- 5. Derecho a una vivienda digna / Sebastián Tedeschi -- 6. Los derechos de los trabajadores y las trabajadoras / Adrián Goldín -- 7. Información sobre seguridad social / Cecilia Cabrera y Christian Gruenberg -- 8. Los derechos de consumidores y usuarios / Mariano Fernández Valle -- 9. Información sobre justicia penal / Ileana Arduino y Soledad Pujó -- 10. La cárcel y los derechos de las personas privadas de libertad / Raúl Salinas -- 11. Resolución alternativa de conflictos / Malena Derdoy -- 12. Soluciones urgentes a la violación de derechos fundamentales / Diego Freedman.
650 #7 - SUBJECT ADDED ENTRY--TOPICAL TERM
Topical term or geographic name entry element Derechos políticos y civiles
Source of heading or term embne
650 #7 - SUBJECT ADDED ENTRY--TOPICAL TERM
Topical term or geographic name entry element Derechos sociales y económicos
Source of heading or term embne
650 #7 - SUBJECT ADDED ENTRY--TOPICAL TERM
Topical term or geographic name entry element Derechos humanos
Geographic subdivision Argentina
Source of heading or term embne
700 1# - ADDED ENTRY--PERSONAL NAME
Personal name Bohmer, Martín
Relator term prologuista
700 1# - ADDED ENTRY--PERSONAL NAME
Personal name Nun, José,
Dates associated with a name 1934-2021
Relator term prologuista
700 1# - ADDED ENTRY--PERSONAL NAME
Personal name Sánchez, Luciana
Relator term autora
700 1# - ADDED ENTRY--PERSONAL NAME
Personal name Talpone, Georgina
Relator term autora
700 1# - ADDED ENTRY--PERSONAL NAME
Personal name Asa, Pablo
Relator term autor
700 1# - ADDED ENTRY--PERSONAL NAME
Personal name Harari, Sofía
Relator term autora
700 1# - ADDED ENTRY--PERSONAL NAME
Personal name Pujó, Soledad
Relator term autora
700 1# - ADDED ENTRY--PERSONAL NAME
Personal name Derdoy, Malena
Relator term autora
700 1# - ADDED ENTRY--PERSONAL NAME
Personal name Tedeschi, Sebastián
Relator term autor
700 1# - ADDED ENTRY--PERSONAL NAME
Personal name Goldín, Adrián
Relator term autor
700 1# - ADDED ENTRY--PERSONAL NAME
Personal name Cabrera, Cecilia
Relator term autora
700 1# - ADDED ENTRY--PERSONAL NAME
Personal name Gruenberg, Christian
Relator term autor
700 1# - ADDED ENTRY--PERSONAL NAME
Personal name Fernández Valle, Mariano
Relator term autor
700 1# - ADDED ENTRY--PERSONAL NAME
Personal name Arduino, Ileana
Relator term autora
700 1# - ADDED ENTRY--PERSONAL NAME
Personal name Salinas, Raúl
Relator term autor
700 1# - ADDED ENTRY--PERSONAL NAME
Personal name Freedman, Diego
Relator term autor
710 1# - ADDED ENTRY--CORPORATE NAME
Corporate name or jurisdiction name as entry element Argentina.
Subordinate unit Secretaría de Cultura
Relator term entidad responsable
942 ## - ADDED ENTRY ELEMENTS (KOHA)
Source of classification or shelving scheme Universal Decimal Classification
Koha item type Obra General
Suppress in OPAC No
Existencias
Withdrawn status Lost status Source of classification or shelving scheme Damaged status Not for loan Collection Home library Current library Date acquired Source of acquisition Total checkouts Full call number Barcode Date last seen Price effective from Koha item type
    Universal Decimal Classification     Colección General Biblioteca Escuela de Ciencias Sociales Biblioteca Escuela de Ciencias Sociales 11/06/2026 Donación 2023   34(82)(035) M294 000567 11/06/2026 11/06/2026 Obra General
Biblioteca de la Escuela Preuniversitaria en Ciencias Sociales y Humanísticas.
Riobamba 250 bis.
CP 2000 - Rosario - Santa Fe
E-Mail: biblioteca@esociales.unr.edu.ar